000 02060 a2200205 4500
001 32569
005 20260407155623.0
008 260407a1964 arg spa d
003 AR-UNSa-BCEJYS
040 _aAR-UNSa-BCEJYS
_bspa
_cAR-UNSa-BCEJYS
080 _a330.8
_xHistoria de las teorías, Doctrinas, Dogmas económicos (pensamiento económico)
245 1 0 _aSistemas Económicos
264 1 _aMadrid :
_bEdiciones Rialp
_c1964
300 _a450 p.
_c23 cm.
505 _aParte I: La economía social: 1. Análisis económico comparado – 2. La economía social – 3. La economía de mercado libre – Parte II: El capitalismo: 4. La economía capitalista – 5. El capitalismo y la distribución de la renta – 6. El capitalismo y la productividad – 7. El capitalismo y el monopolio – 8. El capitalismo y el paro – 9. El capitalismo y el pleno empleo – Parte III: La economía marxista: 10. La economía marxista: Rasgos generales – 11. La economía marxista: la teoría de la plusvalía – 12. La economía marxista: la teoría del beneficio – 13. La economía marxista: crisis, colapso y socialismo – Parte IV: La teoría económica del socialismo liberal: 14. La economía social y sus problemas – 15. El socialismo liberal y la distribución de los factores – 16. Esquema de una economía socialista liberal – 17. Reivindicaciones del socialismo liberal – Parte V: Los problemas económicos de la planificación central: 18. El socialismo autoritario y la planificación central – 19. La economía de dirección de la Rusia Soviética – 20. El capitalismo autoritario: Alemania 1933-1945 – Parte VI: Entre libertad y planificación central: 21. La economía de mercado y el estado de bienestar – 22. Los sistemas económicos y los países subdesarrollados – 23. Los sistemas económicos y el comercio internacional – 24. La agenda del gobierno en una economía de mercado -
942 _cBK
590 _aniveau_biblio:m niveau_hierar:0
100 1 _aGarcía de Diego, Luis
700 1 _aHalm, Geroge Nikolaus
999 _c2295
_d2295